000 00310nam a2200133Ia 4500
100 _aBarnett/Richard/ Ocull/Larry
942 _cBK
654 _aembedded
245 _aEmbedded C Programming and the Atmel AVR
260 _bThomsan Learning
_c2003
082 _a3.3
_bBAR
300 _a495
546 _aENGLISH
999 _c22264
_d22264